කන ඇතුලට ගමනක්:මහාචාර්ය පූටන්ගේ අරුම පුදුම චාරිකා

Saved in:
Bibliographic Details
Main Author: තොටවත්ත,නුවන්
Format: Book
Language:Sinhalese
Published: සමයවර්ධන ප්‍රකාශන , කොළඹ 10: 2020
Subjects:
Tags: Add Tag
No Tags, Be the first to tag this record!

MARC

LEADER 00000nam a22000007a 4500
008 240106b |||||||| |||| 00| 0 sin d
020 |a 9789557081083 
041 |a sin 
082 |a 891.483  |b තොටව 
100 |a තොටවත්ත,නුවන් 
245 0 |a කන ඇතුලට ගමනක්:මහාචාර්ය පූටන්ගේ අරුම පුදුම චාරිකා 
246 |a Kana Athulata giya gamanak : Mahacharya Putange Aruma puduma Charika 
260 |b කොළඹ 10:  |a සමයවර්ධන ප්‍රකාශන ,  |c 2020 
300 |a පි.20:  |b චිත්‍ර;  |c සෙ.මි. 28 
650 |a සිංහල සාහිත්‍ය 
999 |c 12991  |d 12991